书目信息 |
| 题名: |
工业设计即学即用
|
|
| 作者: | 袁健伦 主编 | |
| 分册: | 数码产品类 | |
| 出版信息: | 上海 上海交通大学出版社 2005 |
|
| 页数: | 272页 | |
| 开本: | 26cm | |
| 丛书名: | ||
| 单 册: | ||
| 中图分类: | TB47 | |
| 科图分类: | ||
| 主题词: | 数字技术--电信设备--设计 , 数字技术 , 电信设备 | |
| 电子资源: | ||
| ISBN: | 7-313-04122-5 | |
| 000 | 00883nam0 2200265 450 | |
| 001 | 012007938124 | |
| 005 | 20070516172435.76 | |
| 010 | @a7-313-04122-5@dCNY28.00 | |
| 100 | @a20070508d2005 km y0chiy0120 ea | |
| 101 | 0 | @achi |
| 102 | @aCN@b310000 | |
| 105 | @aa z 000yy | |
| 106 | @ar | |
| 200 | 1 | @a工业设计即学即用@Agong ye she ji ji xue ji yong@i数码产品类@f袁健伦主编@Fyuan jian lun zhu bian |
| 210 | @a上海@c上海交通大学出版社@d2005 | |
| 215 | @a272页@c图@d26cm | |
| 300 | @a工业设计师之路 | |
| 330 | @a本书通过山地自行车、火车造型、概念汽车设计、微型汽车设计等4个实例,详细讲解了各种交通工具产品的设计、发展趋向与流行色彩,展示了产品设计的整个流程操作。 | |
| 606 | 0 | @a数字技术@x电信设备@x设计 |
| 606 | 0 | @a数字技术 |
| 606 | 0 | @a电信设备 |
| 690 | @aTB47@v4 | |
| 701 | 0 | @a袁健伦@Ayuan jian lun@4主编 |
| 801 | 0 | @aCN@bRULIN@c20070516 |
| 905 | @dTB47@e154@s5 | |
| 工业设计即学即用.数码产品类/袁健伦主编.-上海:上海交通大学出版社,2005 |
| 272页:图;26cm |
| 工业设计师之路 |
| ISBN 7-313-04122-5:CNY28.00 |
| 本书通过山地自行车、火车造型、概念汽车设计、微型汽车设计等4个实例,详细讲解了各种交通工具产品的设计、发展趋向与流行色彩,展示了产品设计的整个流程操作。 |
| ● |
| 相关链接 |
|
|
|
|
正题名:工业设计即学即用
索取号:TB47/154
 
预约/预借
| 序号 | 登录号 | 条形码 | 馆藏地/架位号 | 状态 | 备注 |
| 1 | 0572172 | 205721726 | 第二样本阅览室/ [索取号:TB47/154] | 在馆 | |
| 2 | 0572173 | 205721735 | 密集书库/ [索取号:TB47/154] | 在馆 | |
| 3 | 0572174 | 205721744 | 第三借阅区/ [索取号:TB47/154] | 在馆 | |
| 4 | 0572175 | 205721753 | 第三借阅区/ [索取号:TB47/154] | 在馆 | |
| 5 | 0572176 | 205721762 | 密集书库/ [索取号:TB47/154] | 在馆 |